|
|
|
|
| LEADER |
00000nab a2200000 a 4500 |
| 001 |
vtls008771443 |
| 003 |
SK-MaSNL |
| 005 |
20260303071442.0 |
| 008 |
140422c2006 xo |||| | | 000 b|slo |
| 015 |
|
|
|a SNBRB2006/06
|2 snkbucl
|
| 038 |
|
|
|a SNKBUCL
|
| 040 |
|
|
|a SNKBUCL
|b slo
|c SNKBUCL
|e AACR2
|
| 041 |
0 |
|
|a slo
|
| 044 |
|
|
|a xo
|c SK
|
| 080 |
|
|
|a 821.162.4-1
|2 1997
|
| 100 |
1 |
|
|a Gallo, Igor,
|d 1936-2019
|4 aut
|9 85732
|
| 245 |
1 |
0 |
|a Špionážnym letom nad slovenským svetom
|c Igor Gallo
|
| 650 |
0 |
7 |
|a epigramy, slovenské
|2 snkbucl
|9 393424
|
| 650 |
0 |
7 |
|a satirické básne, slovenské
|2 snkbucl
|9 73178
|
| 773 |
0 |
|
|t Literárny (dvoj)týždenník
|g Roč. XIX, č. 15-16 (2006), s. 16
|x 0862-5999
|
| 852 |
|
|
|a SNK
|b KIS3GCP
|
| 958 |
|
|
|a LX
|
| 958 |
|
|
|a SK
|
| 999 |
|
|
|c 1759983
|d 1761913
|